[Event "Charlotte CCCSA Fall IM-D"]
[Site "Charlotte"]
[Date "2023.11.18"]
[Round "3"]
[White "Matta, Nicholas F"]
[Black "Marek, Matyas"]
[Result "1-0"]
[WhiteElo "2287"]
[BlackElo "2343"]
[PlyCount "143"]
[EventDate "2023.11.17"]
[EventType "tourn"]
[EventRounds "9"]
[EventCountry "USA"]
[SourceTitle "CB48_2023"]
[SourceDate "2023.11.29"]
[SourceVersion "1"]
[SourceVersionDate "2023.11.29"]
[SourceQuality "1"]

1. d4 Nf6 2. Nf3 e6 3. c4 c5 4. g3 cxd4 5. Nxd4 d5 6. Bg2 e5 7. Nf3 d4 8. 0-0 Nc6 9. e3 Be7 10. exd4 exd4 11. Bf4 0-0 12. Re1 Re8 13. Ne5 Qb6 14. Nd2 Be6 15. Qb3 Rac8 16. Ndf3 Bb4 17. Bd2 Nxe5 18. Rxe5 Bc5 19. h3 Nd7 20. Ree1 Qa6 21. Ng5 Bb6 22. Qc2 Nf8 23. Nxe6 Nxe6 24. b3 Red8 25. Qf5 g6 26. Qf6 Re8 27. Bd5 Bd8 28. Qf3 Rc7 29. h4 b5 30. Bf4 Rc5 31. Be5 bxc4 32. Bxd4 Ra5 33. Bxc4 Qd6 34. Bb2 Rf5 35. Qc3 Bf6 36. Qc2 Kg7 37. Rad1 Qb6 38. Bxf6+ Rxf6 39. Qb2 Rd8 40. Rxd8 Nxd8 41. g4 Kf8 42. g5 Qb4 43. Qe5 Re6 44. Bxe6 Nxe6 45. Re4 Qd2 46. Qh8+ Ke7 47. Qf6+ Ke8 48. Rxe6+ fxe6 49. Qxe6+ Kf8 50. Qc8+ Kf7 51. Qb7+ Ke6 52. Qc6+ Kf7 53. Qc4+ Ke7 54. Qc5+ Kd8 55. Qf8+ Kc7 56. Qe7+ Kb8 57. Qe5+ Kb7 58. Qe4+ Kb8 59. Qc4 Qd7 60. a4 Qe7 61. b4 Qe1+ 62. Kg2 Qd1 63. a5 a6 64. Qg8+ Kb7 65. Qxh7+ Kb8 66. Qg8+ Kb7 67. Qf7+ Kb8 68. Qf8+ Kc7 69. Qf7+ Kb8 70. Qf4+ Kc8 71. Qf3 Qd4 72. Qc6+ 1-0

[Event "Titled Tuesday intern op 25th Jul Early"]
[Site "Chess.com INT"]
[Date "2023.07.25"]
[Round "7"]
[White "Marek, Matyas"]
[Black "Aravindh, Chithambaram VR"]
[Result "1-0"]
[WhiteElo "2330"]
[BlackElo "2645"]
[PlyCount "101"]
[EventDate "2023.07.25"]
[EventType "swiss (blitz)"]
[EventRounds "11"]
[EventCountry "USA"]
[SourceTitle "EXT 2024"]
[Source "ChessBase"]
[SourceDate "2023.10.10"]
[SourceVersion "1"]
[SourceVersionDate "2023.10.10"]
[SourceQuality "1"]

1. Nf3 g6 2. g3 Bg7 3. Bg2 e5 4. 0-0 Ne7 5. d3 0-0 6. e4 Nbc6 7. c3 d5 8. Nbd2 h6 9. Re1 Be6 10. Qc2 f5 11. b4 dxe4 12. dxe4 f4 13. Bb2 g5 14. Nb3 Ng6 15. Nc5 Bc8 16. Qb3+ Kh7 17. Ne6 Qe7 18. Nxf8+ Nxf8 19. b5 Nd8 20. Ba3 Qe8 21. Rad1 Ng6 22. Qc4 Ne6 23. Bh3 a6 24. b6 cxb6 25. Bf5 b5 26. Qd5 Nef8 27. Bxf8 Qxf8 28. Bxg6+ Kxg6 29. Nxe5+ Kh7 30. Nd7 Bxd7 31. Qxd7 Qc5 32. Qf5+ Qxf5 33. exf5 Bxc3 34. Re7+ Kg8 35. Rxb7 Re8 36. Kg2 b4 37. gxf4 gxf4 38. Kf3 a5 39. Kxf4 a4 40. Kg4 Rf8 41. Rd6 Ra8 42. Rg6+ Kf8 43. Rc6 Kg8 44. Kh5 Rf8 45. Kg6 Kh8 46. f6 Rg8+ 47. Rg7 Rf8 48. Rh7+ Kg8 49. f7+ Rxf7 50. Rxf7 Bh8 51. Rc8# 1-0

[Event "Titled Tuesday intern op 25th Jul Early"]
[Site "Chess.com INT"]
[Date "2023.07.25"]
[Round "9"]
[White "Marek, Matyas"]
[Black "Harriott, Tyrell"]
[Result "1-0"]
[WhiteElo "2330"]
[BlackElo "1819"]
[PlyCount "119"]
[EventDate "2023.07.25"]
[EventType "swiss (blitz)"]
[EventRounds "11"]
[EventCountry "USA"]
[SourceTitle "EXT 2024"]
[Source "ChessBase"]
[SourceDate "2023.10.10"]
[SourceVersion "1"]
[SourceVersionDate "2023.10.10"]
[SourceQuality "1"]

1. Nf3 d5 2. g3 e6 3. Bg2 Bd6 4. 0-0 f5 5. d3 Nf6 6. c4 0-0 7. Nc3 c6 8. e4 Be7 9. cxd5 exd5 10. e5 Ne8 11. h4 Nc7 12. Bg5 Ne6 13. Bxe7 Qxe7 14. Ne2 Na6 15. Qd2 Bd7 16. Nf4 Nac7 17. Rfe1 Be8 18. Nxe6 Nxe6 19. d4 Bh5 20. Ng5 Nxg5 21. Qxg5 Qxg5 22. hxg5 Rfe8 23. f4 Re7 24. Kf2 Rae8 25. Rec1 Rf8 26. b4 a6 27. a4 Be8 28. b5 Bd7 29. bxa6 bxa6 30. Rab1 Be8 31. a5 Ra7 32. Rb6 Bd7 33. Bf1 Rfa8 34. Bd3 Kf8 35. Bc2 Ke7 36. Ba4 Rc7 37. Bd1 Raa7 38. Be2 Ra8 39. Ke3 Raa7 40. Rh1 c5 41. Rxh7 cxd4+ 42. Kxd4 Kf8 43. e6 Be8 44. Rb8 Rc2 45. Rh8+ Ke7 46. Rhxe8+ Kd6 47. Rbd8+ Kc6 48. Rc8+ Kd6 49. Rxc2 g6 50. Rd8+ Kxe6 51. Rc6+ Ke7 52. Rh8 Kd7 53. Rxg6 Rc7 54. Rh7+ Kc8 55. Rxc7+ Kxc7 56. Rf6 Kd7 57. g6 Kc7 58. g7 Kd7 59. g8Q Ke7 60. Qg7+ 1-0

[Event "Piestany op-A"]
[Site "Piestany"]
[Date "2023.07.13"]
[Round "3"]
[White "Marek, Matyas"]
[Black "Colbow, Collin"]
[Result "1-0"]
[WhiteElo "2330"]
[BlackElo "2429"]
[PlyCount "63"]
[EventDate "2023.07.11"]
[EventType "swiss"]
[EventRounds "9"]
[EventCountry "SVK"]
[SourceTitle "EXT 2024"]
[Source "ChessBase"]
[SourceDate "2023.10.10"]
[SourceVersion "1"]
[SourceVersionDate "2023.10.10"]
[SourceQuality "1"]

1. e4 c5 2. Nf3 e6 3. d4 cxd4 4. Nxd4 Nc6 5. Nc3 Qc7 6. Be3 a6 7. g4 b5 8. Nxc6 Qxc6 9. Qd2 Bb7 10. 0-0-0 Nf6 11. f3 b4 12. Ne2 d5 13. e5 Nd7 14. Nd4 Qa4 15. Kb1 Nxe5 16. Be2 Be7 17. b3 Qd7 18. f4 Nc6 19. Nxc6 Bxc6 20. Bd4 0-0 21. f5 exf5 22. gxf5 f6 23. Rhg1 Bd6 24. Rg2 Kh8 25. Rdg1 Rg8 26. Rg4 Rae8 27. Qh6 Re4 28. Rxg7 Rxg7 29. Rxg7 Qxf5 30. Bxf6 Be5 31. Rg8+ Kxg8 32. Qg7# 1-0

[Event "Ceske Budejovice IM"]
[Site "Ceske Budejovice"]
[Date "2023.07.06"]
[Round "6"]
[White "Jeet, Jain"]
[Black "Marek, Matyas"]
[Result "1-0"]
[WhiteElo "2225"]
[BlackElo "2330"]
[PlyCount "65"]
[EventDate "2023.07.01"]
[EventType "tourn"]
[EventRounds "9"]
[EventCountry "CZE"]
[EventCategory "2"]
[SourceTitle "CBM 215 Extra"]
[Source "ChessBase"]
[SourceDate "2023.09.30"]
[SourceVersion "1"]
[SourceVersionDate "2023.09.30"]
[SourceQuality "1"]

1. e4 c6 2. c4 d5 3. cxd5 cxd5 4. exd5 Nf6 5. Nc3 Nxd5 6. d4 e6 7. Nf3 Nc6 8. Bd3 Be7 9. 0-0 0-0 10. a3 Nf6 11. Bg5 b6 12. Re1 Bb7 13. Bb1 Rc8 14. Qd3 g6 15. Ba2 Re8 16. Rad1 Nd5 17. Bd2 Qd6 18. Ne4 Qb8 19. Nfg5 Kg7 20. Qh3 h5 21. Ng3 Nd8 22. Re5 Nf6 23. N5e4 Rh8 24. Nc3 Qa8 25. d5 Bd6 26. Rg5 Qb8 27. dxe6 Bf4 28. Nf5+ Kh7 29. e7 Ne6 30. Bxe6 fxe6 31. Nh4 Bxg5 32. Qxe6 Kh6 33. Qxf6 1-0

[Event "Titled Tuesday intern op 20th Jun Early"]
[Site "Chess.com INT"]
[Date "2023.06.20"]
[Round "1"]
[White "Luo, Terry"]
[Black "Marek, Matyas"]
[Result "1/2-1/2"]
[WhiteElo "2353"]
[BlackElo "2330"]
[PlyCount "89"]
[EventDate "2023.06.20"]
[EventType "swiss (blitz)"]
[EventRounds "11"]
[EventCountry "USA"]
[SourceTitle "EXT 2024"]
[Source "ChessBase"]
[SourceDate "2023.10.10"]
[SourceVersion "1"]
[SourceVersionDate "2023.10.10"]
[SourceQuality "1"]

1. d4 Nf6 2. c4 c5 3. d5 b5 4. cxb5 a6 5. bxa6 g6 6. Nc3 Bg7 7. e4 0-0 8. Nf3 Qa5 9. Bd2 Bxa6 10. Bxa6 Qxa6 11. Qe2 e6 12. Qxa6 Nxa6 13. dxe6 fxe6 14. 0-0 d5 15. exd5 exd5 16. Bg5 d4 17. Bxf6 Rxf6 18. Ne4 Rb6 19. b3 Re6 20. Nfd2 Bh6 21. f3 Nb4 22. Nc4 Rxa2 23. Rxa2 Nxa2 24. Nxc5 Re2 25. Rd1 Bg7 26. Kf1 Nc3 27. Ra1 Rc2 28. Ra8+ Kf7 29. Nd6+ Ke7 30. Nde4 Nxe4 31. Nxe4 Be5 32. Ra7+ Ke6 33. b4 d3 34. Nc5+ Kd5 35. Nxd3 Bd4 36. Rd7+ Kc4 37. Nf4 Rf2+ 38. Ke1 Ra2 39. Ne2 Be3 40. b5 Ra1+ 41. Rd1 Bf2+ 42. Kd2 Be3+ 43. Ke1 Bf2+ 44. Kd2 Be3+ 45. Ke1 1/2-1/2

[Event "Titled Tuesday intern op 02nd May Late"]
[Site "Chess.com INT"]
[Date "2023.05.02"]
[Round "1"]
[White "Marek, Matyas"]
[Black "Fernandez Madrid, Carlos"]
[Result "1-0"]
[WhiteElo "2330"]
[BlackElo "2053"]
[PlyCount "69"]
[EventDate "2023.05.02"]
[EventType "swiss (blitz)"]
[EventRounds "11"]
[EventCountry "USA"]
[SourceTitle "EXT 2024"]
[Source "ChessBase"]
[SourceDate "2023.10.10"]
[SourceVersion "1"]
[SourceVersionDate "2023.10.10"]
[SourceQuality "1"]

1. Nf3 d6 2. g3 g6 3. Bg2 Bg7 4. 0-0 c5 5. d3 Nf6 6. e4 0-0 7. c3 Nc6 8. Re1 e5 9. Nbd2 Bg4 10. h3 Be6 11. Ng5 Qd7 12. Nxe6 fxe6 13. Nc4 b5 14. Ne3 Rae8 15. a4 a6 16. axb5 axb5 17. Qb3 Nd8 18. Ra6 Nh5 19. Rb6 Qf7 20. Rf1 c4 21. Qxb5 cxd3 22. Rxd6 Bh6 23. Qxd3 Nb7 24. Rd7 Re7 25. Rxe7 Qxe7 26. b4 Nf4 27. gxf4 exf4 28. Ng4 Bg7 29. e5 h5 30. Nf6+ Bxf6 31. exf6 Qxf6 32. Bxb7 f3 33. Bxf3 Qxf3 34. Qxf3 Rxf3 35. Be3 1-0

[Event "Titled Tuesday intern op 02nd May Late"]
[Site "Chess.com INT"]
[Date "2023.05.02"]
[Round "7"]
[White "Seletsky, Grigory"]
[Black "Marek, Matyas"]
[Result "0-1"]
[WhiteElo "2259"]
[BlackElo "2330"]
[PlyCount "78"]
[EventDate "2023.05.02"]
[EventType "swiss (blitz)"]
[EventRounds "11"]
[EventCountry "USA"]
[SourceTitle "EXT 2024"]
[Source "ChessBase"]
[SourceDate "2023.10.10"]
[SourceVersion "1"]
[SourceVersionDate "2023.10.10"]
[SourceQuality "1"]

1. e4 c5 2. Nc3 a6 3. f4 b5 4. Nf3 Bb7 5. d3 e6 6. g4 b4 7. Ne2 d5 8. Ng3 Nf6 9. e5 Nxg4 10. Ng5 Nh6 11. Qh5 g6 12. Qh3 Nc6 13. Bd2 Nd4 14. 0-0-0 Nhf5 15. Kb1 h6 16. Nxf5 Nxf5 17. Nf3 Be7 18. Rg1 a5 19. Be1 a4 20. Bf2 b3 21. cxb3 axb3 22. a3 Qa5 23. Nh4 Bxh4 24. Bxh4 Nxh4 25. Qxh4 Qd8 26. Qf2 Rc8 27. Rc1 Qe7 28. d4 c4 29. Rc3 Kd7 30. h4 Bc6 31. Kc1 Rcg8 32. Rh3 Rg7 33. Qd2 Rhg8 34. Qa5 Qd8 35. Qc5 Qc7 36. Rhg3 h5 37. Kd2 Rb8 38. Kc3 Rb5 39. Qf8 Qa5+ 0-1

[Event "Titled Tuesday intern op 18th Apr Late"]
[Site "Chess.com INT"]
[Date "2023.04.18"]
[Round "6"]
[White "Marek, Matyas"]
[Black "Eljanov, Pavel"]
[Result "0-1"]
[WhiteElo "2331"]
[BlackElo "2705"]
[PlyCount "38"]
[EventDate "2023.04.18"]
[EventType "swiss (blitz)"]
[EventRounds "11"]
[EventCountry "USA"]
[SourceTitle "EXT 2024"]
[Source "ChessBase"]
[SourceDate "2023.10.10"]
[SourceVersion "1"]
[SourceVersionDate "2023.10.10"]
[SourceQuality "1"]

1. e4 c6 2. d4 d5 3. f3 e6 4. Nc3 Bb4 5. Bf4 Ne7 6. Qd3 b6 7. Nge2 Ba6 8. Qe3 0-0 9. 0-0-0 c5 10. a3 Bxc3 11. Nxc3 Bxf1 12. Rhxf1 Nbc6 13. dxc5 d4 14. Qe2 bxc5 15. Qc4 Ng6 16. Ne2 Nxf4 17. Nxf4 Qg5 18. g3 Ne5 19. Qxc5 Nd3+ 0-1

[Event "Titled Tuesday intern op 18th Apr Late"]
[Site "Chess.com INT"]
[Date "2023.04.18"]
[Round "3"]
[White "Marek, Matyas"]
[Black "Szajbely, Zsigmond"]
[Result "1-0"]
[WhiteElo "2331"]
[BlackElo "2243"]
[PlyCount "153"]
[EventDate "2023.04.18"]
[EventType "swiss (blitz)"]
[EventRounds "11"]
[EventCountry "USA"]
[SourceTitle "EXT 2024"]
[Source "ChessBase"]
[SourceDate "2023.10.10"]
[SourceVersion "1"]
[SourceVersionDate "2023.10.10"]
[SourceQuality "1"]

1. Nf3 d5 2. g3 Nf6 3. Bg2 Nc6 4. 0-0 e5 5. d3 Be7 6. Nbd2 0-0 7. e4 a5 8. Re1 d4 9. Nc4 Nd7 10. a4 f6 11. c3 Nc5 12. cxd4 exd4 13. h4 Be6 14. Bf4 Nb4 15. Bf1 c6 16. Rc1 b5 17. axb5 cxb5 18. Na3 Qd7 19. e5 Bg4 20. exf6 gxf6 21. Nxb5 Qxb5 22. Rxe7 Nbxd3 23. Rc2 Rae8 24. Rxe8 Rxe8 25. Rxc5 Qxc5 26. Qxd3 Qd5 27. Nxd4 Kh8 28. Qb5 Qxb5 29. Bxb5 Rd8 30. Be3 Rb8 31. b3 Kg7 32. Bc4 f5 33. Bf4 Rc8 34. Be5+ Kg6 35. Ne6 Bf3 36. Nf4+ Kh6 37. Be2 Rc1+ 38. Bf1 Rb1 39. Bf6 Rxb3 40. Bg5+ Kg7 41. Ne6+ Kf7 42. Nd4 Ra3 43. Nxf3 Rxf3 44. Bc4+ Ke8 45. Bg8 a4 46. Bxh7 a3 47. Bf6 a2 48. Kg2 Ra3 49. Bxf5 a1Q 50. Bxa1 Rxa1 51. h5 Kf7 52. f4 Kg7 53. g4 Ra4 54. Kg3 Ra3+ 55. Kh4 Ra4 56. Kg5 Ra5 57. h6+ Kh8 58. Kh4 Ra4 59. Kg3 Ra3+ 60. Kh4 Ra4 61. Kg5 Ra5 62. Kf6 Ra6+ 63. Be6 Ra4 64. Kf5 Ra5+ 65. Kg6 Ra4 66. Kg5 Ra5+ 67. f5 Ra7 68. Kf6 Kh7 69. g5 Ra6 70. Ke7 Ra7+ 71. Bd7 Ra8 72. f6 Kh8 73. g6 Ra7 74. g7+ Kh7 75. f7 Kxh6 76. g8Q Ra6 77. f8Q+ 1-0

[Event "Titled Tuesday intern op 18th Apr Late"]
[Site "Chess.com INT"]
[Date "2023.04.18"]
[Round "5"]
[White "Prieto Aranguren, Alain"]
[Black "Marek, Matyas"]
[Result "0-1"]
[WhiteElo "2280"]
[BlackElo "2331"]
[PlyCount "122"]
[EventDate "2023.04.18"]
[EventType "swiss (blitz)"]
[EventRounds "11"]
[EventCountry "USA"]
[SourceTitle "EXT 2024"]
[Source "ChessBase"]
[SourceDate "2023.10.10"]
[SourceVersion "1"]
[SourceVersionDate "2023.10.10"]
[SourceQuality "1"]

1. d4 Nf6 2. c4 c5 3. d5 b5 4. cxb5 a6 5. bxa6 g6 6. Nc3 Bg7 7. e4 0-0 8. a7 Rxa7 9. Nf3 d6 10. Be2 Ba6 11. 0-0 Qa5 12. Bd2 Bxe2 13. Qxe2 Qa6 14. Qxa6 Nxa6 15. e5 dxe5 16. Nxe5 Nb4 17. Be3 Rc8 18. Nc6 Nxc6 19. dxc6 Rxc6 20. Rac1 Ng4 21. Rc2 Nxe3 22. fxe3 Rb7 23. Rf4 e6 24. Rc4 Rb4 25. Na4 Rd6 26. Nxc5 Rd1+ 27. Kf2 Rxc4 28. Rxc4 Rd2+ 29. Kf3 Rxb2 30. a4 Ra2 31. h4 Bf6 32. g3 Kg7 33. Ne4 Be5 34. g4 h6 35. g5 hxg5 36. hxg5 Ra3 37. Nc5 Bd6 38. Ne4 Bb8 39. Nf6 Be5 40. Ne4 Kf8 41. Rc5 Bd4 42. Rc8+ Ke7 43. Nf6 Bxf6 44. gxf6+ Kxf6 45. Ra8 Ke5 46. a5 f5 47. a6 g5 48. a7 g4+ 49. Kf2 g3+ 50. Kf3 f4 51. Kg2 fxe3 52. Kxg3 Ke4 53. Kg2 Ra2+ 54. Kf1 e2+ 55. Kf2 e5 56. Rh8 Rxa7 57. Kxe2 Ra2+ 58. Ke1 Kd3 59. Rh3+ Kd4 60. Rh8 e4 61. Rb8 Ke3 0-1

[Event "Titled Tuesday intern op 18th Apr Late"]
[Site "Chess.com INT"]
[Date "2023.04.18"]
[Round "2"]
[White "Szyszylo, Rafal"]
[Black "Marek, Matyas"]
[Result "1-0"]
[WhiteElo "2091"]
[BlackElo "2331"]
[PlyCount "53"]
[EventDate "2023.04.18"]
[EventType "swiss (blitz)"]
[EventRounds "11"]
[EventCountry "USA"]
[SourceTitle "EXT 2024"]
[Source "ChessBase"]
[SourceDate "2023.10.10"]
[SourceVersion "1"]
[SourceVersionDate "2023.10.10"]
[SourceQuality "1"]

1. e4 c5 2. Nf3 d6 3. d4 cxd4 4. Nxd4 Nf6 5. Nc3 Nc6 6. Bc4 e6 7. Bb3 a6 8. 0-0 Be7 9. f4 Qc7 10. Be3 Na5 11. Qf3 Nc4 12. Bxc4 Qxc4 13. e5 Nd7 14. exd6 Bxd6 15. Ne4 Be7 16. b3 Qc7 17. c4 Nf6 18. Rad1 Bd7 19. f5 e5 20. Ne2 Nxe4 21. Qxe4 Bc6 22. Qg4 Bf6 23. Ng3 Qe7 24. Nh5 Kf8 25. Nxf6 Qxf6 26. Bg5 h5 27. Qh4 1-0

[Event "Pobeskydy IM"]
[Site "Frydek Mistek"]
[Date "2023.04.06"]
[Round "1"]
[White "Marek, Matyas"]
[Black "Babula, Vlastimil1111"]
[Result "1-0"]
[WhiteElo "2331"]
[BlackElo "2326"]
[PlyCount "85"]
[EventDate "2023.04.06"]
[EventType "tourn"]
[EventRounds "9"]
[EventCountry "CZE"]
[EventCategory "2"]
[SourceTitle "CBM 213 Extra"]
[Source "ChessBase"]
[SourceDate "2023.05.31"]
[SourceVersion "1"]
[SourceVersionDate "2023.05.31"]
[SourceQuality "1"]

1. e4 c5 2. Nf3 d6 3. Bb5+ Nd7 4. a4 Ngf6 5. Nc3 e6 6. 0-0 Be7 7. d4 cxd4 8. Qxd4 0-0 9. Rd1 a6 10. Be2 e5 11. Qe3 b6 12. Nd2 Bb7 13. Nb3 Rc8 14. f3 Qc7 15. Qf2 Rfd8 16. Be3 h6 17. Rac1 Ra8 18. Bf1 Nh7 19. h4 f5 20. exf5 Nhf6 21. Qg3 Kh8 22. Ne2 d5 23. c4 dxc4 24. Ned4 Nh5 25. Ne6 Nxg3 26. Nxc7 Nxf5 27. Bf2 cxb3 28. Nxa8 Bxa8 29. Rc7 Nd4 30. f4 Bc5 31. a5 Nf8 32. f5 Be4 33. Re1 Bxf5 34. Rxe5 Bc2 35. Rb7 Ng6 36. Re1 bxa5 37. h5 Nf4 38. Re5 Nfe6 39. Bc4 Bd6 40. Rxa5 Bf4 41. Rd5 Rxd5 42. Bxd5 Nc5 43. Re7 1-0

[Event "US Masters op"]
[Site "Charlotte"]
[Date "2022.11.27"]
[Round "8"]
[White "Marek, Matyas"]
[Black "Brodsky, David"]
[Result "0-1"]
[WhiteElo "2346"]
[BlackElo "2509"]
[PlyCount "64"]
[EventDate "2022.11.23"]
[EventType "swiss"]
[EventRounds "9"]
[EventCountry "USA"]
[SourceTitle "CBM 211 Extra"]
[Source "ChessBase"]
[SourceDate "2023.01.31"]
[SourceVersion "1"]
[SourceVersionDate "2023.01.31"]
[SourceQuality "1"]

1. e4 c5 2. Nf3 d6 3. Bb5+ Nd7 4. a4 Ngf6 5. Nc3 g6 6. 0-0 Bg7 7. a5 0-0 8. d3 a6 9. Bc4 Nb8 10. e5 Ne8 11. Nd5 Nc6 12. Nb6 Rb8 13. Nxc8 Qxc8 14. exd6 Nxd6 15. Bb3 Qc7 16. Qe1 Rbd8 17. Ra2 Rfe8 18. Bd2 e5 19. Ng5 e4 20. Bf4 Be5 21. Bxe5 Rxe5 22. f4 exf3 23. Qh4 f2+ 24. Rxf2 Re1+ 25. Rf1 Rxf1+ 26. Kxf1 h5 27. g4 c4 28. dxc4 Nxc4 29. gxh5 Rd1+ 30. Ke2 Rd4 31. Qg3 Qe7+ 32. Kf1 Rg4 0-1

[Event "US Masters op"]
[Site "Charlotte"]
[Date "2022.11.24"]
[Round "2"]
[White "Marek, Matyas"]
[Black "Mishra, Abhimanyu"]
[Result "1/2-1/2"]
[WhiteElo "2346"]
[BlackElo "2549"]
[PlyCount "53"]
[EventDate "2022.11.23"]
[EventType "swiss"]
[EventRounds "9"]
[EventCountry "USA"]
[SourceTitle "CBM 211 Extra"]
[Source "ChessBase"]
[SourceDate "2023.01.31"]
[SourceVersion "1"]
[SourceVersionDate "2023.01.31"]
[SourceQuality "1"]

1. e4 c5 2. Nf3 d6 3. Bb5+ Nd7 4. a4 Ngf6 5. Nc3 g6 6. 0-0 Bg7 7. a5 a6 8. Be2 0-0 9. d3 b5 10. axb6 a5 11. Bd2 Nxb6 12. e5 Nfd5 13. Ne4 a4 14. c4 Nc7 15. d4 cxd4 16. exd6 exd6 17. Bb4 Be6 18. Nxd6 d3 19. Qxd3 Bxb2 20. Ra2 a3 21. Bxa3 Nxc4 22. Nxc4 Qxd3 23. Bxd3 Rxa3 24. Rxa3 Bxc4 25. Bxc4 Bxa3 26. Rd1 Ne8 27. Rd8 1/2-1/2

[Event "Charlotte CCCSA Fall IM-D"]
[Site "Charlotte"]
[Date "2022.11.21"]
[Round "7"]
[White "Marek, Matyas"]
[Black "Eidelman, Gabriel"]
[Result "0-1"]
[WhiteElo "2346"]
[BlackElo "2197"]
[PlyCount "64"]
[EventDate "2022.11.18"]
[EventType "tourn"]
[EventRounds "9"]
[EventCountry "USA"]
[SourceTitle "CBM 211 Extra"]
[Source "ChessBase"]
[SourceDate "2023.01.31"]
[SourceVersion "1"]
[SourceVersionDate "2023.01.31"]
[SourceQuality "1"]

1. Nf3 d5 2. g3 Nf6 3. Bg2 e6 4. 0-0 Be7 5. d3 0-0 6. Nbd2 c5 7. e4 Nc6 8. Re1 b5 9. e5 Nd7 10. Nf1 a5 11. h4 b4 12. h5 h6 13. N1h2 Ba6 14. Ng4 Rc8 15. Be3 Re8 16. Qd2 Bf8 17. Bxh6 gxh6 18. Nxh6+ Bxh6 19. Qxh6 Nd4 20. Ng5 Nf8 21. g4 Bb7 22. f4 Qd7 23. Qf6 Nh7 24. Qh6 Nxg5 25. fxg5 Qe7 26. Rf1 Qf8 27. Qf6 Qg7 28. Qf2 Rc7 29. c3 bxc3 30. bxc3 Nc6 31. Qxc5 Qxg5 32. Rab1 Rec8 0-1

[Event "Saint Louis 1000 IM 2nd"]
[Site "Saint Louis"]
[Date "2022.09.24"]
[Round "6"]
[White "Marek, Matyas"]
[Black "Krishnan, Varun"]
[Result "1-0"]
[WhiteElo "2338"]
[BlackElo "2306"]
[PlyCount "109"]
[EventDate "2022.09.21"]
[EventType "tourn"]
[EventRounds "9"]
[EventCountry "USA"]
[EventCategory "2"]
[SourceTitle "CBM 210 Extra"]
[Source "ChessBase"]
[SourceDate "2022.11.30"]
[SourceVersion "1"]
[SourceVersionDate "2022.11.30"]
[SourceQuality "1"]

1. e4 c5 2. Nf3 Nc6 3. Bb5 g6 4. 0-0 Bg7 5. c3 e5 6. d3 Nge7 7. Be3 Qb6 8. Na3 0-0 9. b4 d6 10. Nc4 Qc7 11. bxc5 d5 12. Nd6 Bd7 13. Ba4 b6 14. Nb5 Qb7 15. Rb1 Rab8 16. cxb6 axb6 17. c4 dxe4 18. dxe4 Bg4 19. Nc3 Nd4 20. Bxd4 exd4 21. Nd5 Nxd5 22. exd5 Qc7 23. Bc6 Qf4 24. Rb3 Bf5 25. Re1 d3 26. Bb5 Ra8 27. a4 Ra7 28. g3 Qg4 29. Nh4 d2 30. Qxd2 Bc8 31. Nf3 Bf5 32. Ne5 Qh3 33. Nc6 Bh6 34. Qd4 Bg7 35. Qxb6 Rd7 36. Ne7+ Rxe7 37. Rxe7 Qg4 38. Re1 Bd4 39. Qd6 Bc2 40. Ra3 g5 41. Qb4 Be4 42. Qd2 Bc5 43. h3 Qf5 44. Rae3 Bxe3 45. Qxe3 Bf3 46. Bd7 Qf6 47. Bg4 Bxg4 48. hxg4 Ra8 49. c5 Qd8 50. d6 h6 51. Qd4 Qa5 52. Rd1 Qa6 53. d7 Rd8 54. Qd6 Qxa4 55. c6 1-0

[Event "Saint Louis 1000 IM 2nd"]
[Site "Saint Louis"]
[Date "2022.09.23"]
[Round "5"]
[White "Eckert, Doug D"]
[Black "Marek, Matyas"]
[Result "0-1"]
[WhiteElo "2165"]
[BlackElo "2338"]
[PlyCount "101"]
[EventDate "2022.09.21"]
[EventType "tourn"]
[EventRounds "9"]
[EventCountry "USA"]
[EventCategory "2"]
[SourceTitle "CBM 210 Extra"]
[Source "ChessBase"]
[SourceDate "2022.11.30"]
[SourceVersion "1"]
[SourceVersionDate "2022.11.30"]
[SourceQuality "1"]

1. d4 Nf6 2. c4 c5 3. d5 b5 4. cxb5 a6 5. bxa6 g6 6. Nc3 Bg7 7. e4 0-0 8. a7 Rxa7 9. Nf3 d6 10. Be2 Ba6 11. 0-0 Qa5 12. a4 Rb7 13. Ra3 Bxe2 14. Qxe2 Rb4 15. Nd2 Nfd7 16. Qd1 Nb6 17. Qc2 Rc8 18. b3 c4 19. bxc4 N8d7 20. Na2 Rxa4 21. Rxa4 Nxa4 22. Nf3 Qa6 23. Nb4 Rxc4 24. Nxa6 Rxc2 25. Be3 Nc3 26. Nb4 Rb2 27. Nc6 Bf6 28. Nd2 Kg7 29. f3 Rc2 30. Kh1 Ne5 31. Nxe5 Bxe5 32. Nb3 Nxd5 33. exd5 Rc3 34. Bg5 Rxb3 35. Bxe7 Rd3 36. g3 Rxd5 37. Kg2 Bc3 38. Rc1 Bb4 39. Rc8 Rd2+ 40. Kh3 Re2 41. Bf8+ Kf6 42. Rd8 Rd2 43. Re8 h5 44. Re4 Bc5 45. g4 hxg4+ 46. fxg4 g5 47. Re1 Bf2 48. Be7+ Kg6 49. Rf1 d5 50. Ra1 Bd4 51. Bd6 0-1